[Event "104th YMCA Spring D"]
[Site "Warszawa"]
[Date "2012.04.10"]
[Round "1"]
[White "Bartczak, Hanna"]
[Black "Duda, Ryszard"]
[Result "1-0"]
[WhiteElo "1645"]
[BlackElo "1692"]
[PlyCount "67"]
[EventDate "2012.04.10"]
[EventType "tourn"]
[EventRounds "1"]
[EventCountry "POL"]
[SourceDate "2012.04.11"]

1. Nf3 c5 2. g3 e6 3. c4 Nf6 4. Bg2 Be7 5. O-O O-O 6. Nc3 d6 7. d3 a6 8. Qb3
Nc6 9. Na4 Nd7 10. Bd2 Rb8 11. Nc3 Qc7 12. Rfc1 b6 13. Qd1 Bb7 14. Ne4 Nf6 15.
Nxf6+ Bxf6 16. Bc3 Qe7 17. Rab1 b5 18. a3 bxc4 19. dxc4 Rfd8 20. Qa4 Rbc8 21.
Qc2 e5 22. e3 Qc7 23. Nd2 g6 24. Ne4 Bg7 25. Rd1 Qe7 26. Qb3 Rb8 27. Qa4 f5 28.
Nxc5 dxc5 29. Bxc6 Bxc6 30. Qxc6 e4 31. Rxd8+ Qxd8 32. Bxg7 Kxg7 33. Qxc5 Rxb2
34. Qe5+ 1-0

[Event "104th YMCA Spring D"]
[Site "Warszawa"]
[Date "2012.04.10"]
[Round "1"]
[White "Wrabel, Antoni"]
[Black "Jackiewicz, Jerzy"]
[Result "1-0"]
[WhiteElo "1713"]
[BlackElo "1668"]
[Annotator "M"]
[PlyCount "141"]
[EventDate "2012.04.10"]
[EventType "tourn"]
[EventRounds "1"]
[EventCountry "POL"]
[SourceDate "2012.04.11"]

1. e4 c5 2. Nf3 Nc6 3. d4 cxd4 4. Nxd4 e5 5. Nf3 Nf6 6. Nbd2 d6 7. Bc4 Na5 8.
Be2 Be6 9. O-O Be7 10. Bb5+ Bd7 11. Qe2 a6 12. Bd3 O-O 13. Rd1 Qc7 14. Nf1 Rac8
15. Ne3 Nc6 16. c3 Rfe8 17. h3 Bf8 18. Nh2 Ne7 19. Nhg4 Nxg4 20. Nxg4 Ng6 21.
Be3 Be6 22. f3 f6 23. Nh2 Qf7 24. a3 f5 25. exf5 Bxf5 26. Bxf5 Qxf5 27. Qf2 Be7
28. Nf1 Rf8 29. Ng3 Qf7 30. Qd2 Rc6 31. Ne4 Nh4 32. Bg5 Bxg5 33. Qxg5 Nf5 34.
Qd2 Qg6 35. Rf1 Nh4 36. Kh2 h6 37. Rf2 Kh7 38. Ng3 Nf5 39. Nxf5 Qxf5 40. Re1
Rf6 41. Qe3 Qf4+ 42. g3 Qxe3 43. Rxe3 g5 44. Kg2 Kg6 45. f4 exf4 46. gxf4 d5
47. fxg5 Rxf2+ 48. Kxf2 hxg5 49. Re5 Rd6 50. Ke3 Kf6 51. Kd4 b6 52. a4 Rd8 53.
b4 Rd7 $11 54. b5 axb5 $11 55. axb5 Rh7 56. Rxd5 Rh4+ 57. Kd3 Rxh3+ 58. Kc4 g4
59. Rd6+ Kf5 60. Rxb6 g3 61. Rb8 g2 62. Rf8+ Ke4 63. Rg8 Kf3 64. Rxg2 Kxg2 65.
b6 Rh8 66. Kb5 Rh3 67. c4 Kf3 68. c5 Ke4 69. c6 Kd5 70. c7 Rc3 71. b7 1-0

[Event "104th YMCA Spring D"]
[Site "Warszawa"]
[Date "2012.04.11"]
[Round "1"]
[White "Herman, Monika"]
[Black "Sokur, Ivan"]
[Result "1/2-1/2"]
[WhiteElo "1670"]
[BlackElo "1456"]
[Annotator "M"]
[PlyCount "105"]
[EventDate "2012.04.10"]
[EventType "tourn"]
[EventRounds "1"]
[EventCountry "POL"]
[SourceDate "2012.04.11"]

1. e4 e6 2. d4 d5 3. Nc3 Nf6 4. e5 Nfd7 5. Nf3 c5 6. Be3 Qb6 7. Na4 Qa5+ 8. c3
Nc6 9. dxc5 Ncxe5 10. Nxe5 Nxe5 11. b4 Qd8 12. Be2 Bd7 13. O-O Be7 14. Bd4 Bf6
15. Bxe5 Bxe5 16. f4 Bf6 17. Rc1 O-O 18. Nb2 b6 19. Nd3 Bb5 20. cxb6 Qxb6+ 21.
Kh1 Bxd3 22. Bxd3 Rfc8 23. h3 Rxc3 24. Rxc3 Bxc3 25. Bxh7+ Kf8 26. f5 exf5 27.
Qxd5 Rd8 28. Qxf5 Bf6 29. a3 Qb7 30. Qc5+ Qe7 31. Qxe7+ Kxe7 32. Re1+ Kd6 33.
Rd1+ Kc6 34. Rxd8 Bxd8 35. a4 a5 36. bxa5 Bxa5 37. h4 Kd5 38. h5 Ke5 39. g4 Kf4
40. Bf5 Kg5 41. Kg2 g6 42. hxg6 fxg6 43. Bd7 Kf4 44. Kf2 g5 45. Ke2 Ke4 46. Kf2
Kd3 47. Kf3 Kd4 $11 48. Bb5 Bb4 49. Ke2 Ba5 50. Kd1 Bc3 51. Kc2 Be1 52. Bd3 Ba5
53. Bb5 $11 1/2-1/2

[Event "104th YMCA Spring D"]
[Site "Warszawa"]
[Date "2012.04.10"]
[Round "1"]
[White "Zwolan, Anna"]
[Black "Budrewicz, Henryk"]
[Result "1-0"]
[WhiteElo "1679"]
[BlackElo "1633"]
[PlyCount "53"]
[EventDate "2012.04.10"]
[EventType "tourn"]
[EventRounds "1"]
[EventCountry "POL"]
[SourceDate "2012.04.11"]

1. e4 g6 2. d4 Bg7 3. Nf3 c5 4. dxc5 Qa5+ 5. c3 Qxc5 6. Na3 Bxc3+ 7. bxc3 Qxc3+
8. Qd2 Qxa1 9. Nb5 Na6 10. Nc3 Nc5 11. Nd4 Nf6 12. f3 Nfxe4 13. fxe4 Nxe4 14.
Nxe4 Qb1 15. Bd3 Qb6 16. Bb2 a5 17. Nb5 Rg8 18. Qe2 Kf8 19. Bc1 Kg7 20. Qd2 f6
21. Rf1 d5 22. Qh6+ Kh8 23. Ng5 Rg7 24. Bb2 Qe3+ 25. Be2 Qxg5 26. Qxg5 fxg5 27.
Rf8# 1-0

[Event "104th YMCA Spring D"]
[Site "Warszawa"]
[Date "2012.04.10"]
[Round "1"]
[White "Gajewski, Wojciech"]
[Black "Skwarek, Hubert"]
[Result "1/2-1/2"]
[WhiteElo "1481"]
[BlackElo "1631"]
[PlyCount "59"]
[EventDate "2012.04.10"]
[EventType "tourn"]
[EventRounds "1"]
[EventCountry "POL"]
[SourceDate "2012.04.11"]

1. d4 Nf6 2. Nf3 g6 3. Bf4 Bg7 4. e3 d6 5. h3 O-O 6. Be2 c5 7. c3 cxd4 8. exd4
b6 9. O-O Ba6 10. Nbd2 Bxe2 11. Qxe2 Nbd7 12. Rfe1 Re8 13. Qa6 Qc8 14. Qxc8
Raxc8 15. Re2 e5 16. dxe5 dxe5 17. Bh2 e4 18. Ng5 Nc5 19. Bd6 Nd3 20. Ba3 e3
21. Rxe3 Rxe3 22. fxe3 Bh6 23. Ndf3 Re8 24. e4 Nxe4 25. Nxe4 Rxe4 26. Rd1 Be3+
27. Kh2 Bf4+ 28. Kg1 Be3+ 29. Kh2 Bf4+ 30. Kg1 1/2-1/2

[Event "104th YMCA Spring D"]
[Site "Warszawa"]
[Date "2012.04.10"]
[Round "1"]
[White "Wilczynski, Adam"]
[Black "Rozycki, Dariusz"]
[Result "1-0"]
[WhiteElo "1654"]
[BlackElo "1500"]
[PlyCount "67"]
[EventDate "2012.04.10"]
[EventType "tourn"]
[EventRounds "1"]
[EventCountry "POL"]
[SourceDate "2012.04.11"]

1. c4 e5 2. g3 Nc6 3. Bg2 f5 4. Nc3 Nf6 5. d3 g6 6. e3 d6 7. Nge2 Bg7 8. Rb1
O-O 9. b4 Nh5 10. b5 Ne7 11. f4 exf4 12. exf4 Re8 13. O-O a6 14. a4 c6 15. bxc6
bxc6 16. Be3 d5 17. cxd5 cxd5 18. Bd4 Nf6 19. Rb6 Ng4 20. Qb3 Bxd4+ 21. Nxd4
Ne3 22. Rb1 Nxg2 23. Kxg2 a5 24. Nf3 Ra6 25. Rxa6 Bxa6 26. Ne5 Kg7 27. Nb5 Qc8
28. Nd6 Qa8 29. Nxe8+ Qxe8 30. Rc1 g5 31. Rc7 Kh8 32. Qb6 Bxd3 33. Qf6+ Kg8 34.
Rxe7 1-0

[Event "104th YMCA Spring D"]
[Site "Warszawa"]
[Date "2012.04.17"]
[Round "2"]
[White "Duda, Ryszard"]
[Black "Rozycki, Dariusz"]
[Result "1/2-1/2"]
[WhiteElo "1692"]
[BlackElo "1500"]
[PlyCount "54"]
[EventDate "2012.04.10"]
[EventType "tourn"]
[EventRounds "1"]
[EventCountry "POL"]
[SourceDate "2012.04.11"]

1. e4 e5 2. Nf3 Nc6 3. Bc4 Bc5 4. c3 Nf6 5. d4 exd4 6. cxd4 Bb4+ 7. Bd2 Nxe4 8.
Bxb4 Nxb4 9. Bxf7+ Kxf7 10. Qb3+ d5 11. Qxb4 Re8 12. O-O a5 13. Qb3 b6 14. Nc3
Nxc3 15. Qxc3 Kg8 16. Rfe1 Bd7 17. Re5 c6 18. Rae1 Rc8 19. Qe3 h6 20. Qf4 Rf8
21. Qg3 Re8 22. Nh4 Rxe5 23. Rxe5 Qf6 24. Ng6 Re8 25. Rxe8+ Bxe8 26. Ne5 c5 27.
Qc3 c4 1/2-1/2

[Event "104th YMCA Spring D"]
[Site "Warszawa"]
[Date "2012.04.17"]
[Round "2"]
[White "Skwarek, Hubert"]
[Black "Wilczynski, Adam"]
[Result "1-0"]
[WhiteElo "1631"]
[BlackElo "1654"]
[PlyCount "41"]
[EventDate "2012.04.10"]
[EventType "tourn"]
[EventRounds "1"]
[EventCountry "POL"]
[SourceDate "2012.04.11"]

1. e4 c5 2. Nf3 d6 3. d4 cxd4 4. Nxd4 Nf6 5. Nc3 a6 6. Bg5 e6 7. f4 h6 8. Bh4
Qb6 9. Qd2 Qxb2 10. Rb1 Qa3 11. Be2 Nc6 12. Bf2 Be7 13. Nxc6 bxc6 14. Rb3 Nxe4
15. Nxe4 Qxa2 16. Nxd6+ Kf8 17. O-O a5 18. Qc3 Qa4 19. Bc5 Kg8 20. Ra3 Bf6 21.
Qxf6 1-0

[Event "104th YMCA Spring D"]
[Site "Warszawa"]
[Date "2012.04.17"]
[Round "2"]
[White "Budrewicz, Henryk"]
[Black "Gajewski, Wojciech"]
[Result "1-0"]
[WhiteElo "1633"]
[BlackElo "1481"]
[PlyCount "45"]
[EventDate "2012.04.10"]
[EventType "tourn"]
[EventRounds "1"]
[EventCountry "POL"]
[SourceDate "2012.04.11"]

1. d4 Nf6 2. e3 g6 3. f4 Bg7 4. Bd3 O-O 5. Nf3 d6 6. O-O Nbd7 7. b3 b6 8. Bb2
c5 9. Nbd2 cxd4 10. exd4 Nd5 11. Ng5 Ne3 12. Qf3 Nxf1 13. Rxf1 Rb8 14. h4 Nf6
15. f5 gxf5 16. d5 e5 17. dxe6 Bxe6 18. Bxf5 h6 19. Nxe6 fxe6 20. Bxe6+ Kh8 21.
Qf4 Qe7 22. Bc4 Ne8 23. Qxh6# 1-0

[Event "104th YMCA Spring D"]
[Site "Warszawa"]
[Date "2012.04.17"]
[Round "2"]
[White "Sokur, Ivan"]
[Black "Zwolan, Anna"]
[Result "1-0"]
[WhiteElo "1456"]
[BlackElo "1679"]
[PlyCount "133"]
[EventDate "2012.04.10"]
[EventType "tourn"]
[EventRounds "1"]
[EventCountry "POL"]
[SourceDate "2012.04.11"]

1. d4 d5 2. c4 e5 3. dxe5 d4 4. Nf3 Nc6 5. a3 Nge7 6. e3 Bg4 7. Be2 dxe3 8.
Qxd8+ Rxd8 9. Bxe3 Ng6 10. Nc3 Ngxe5 11. Nxe5 Nxe5 12. Bxg4 Nxg4 13. Bf4 c6 14.
O-O Rd4 15. Rfe1+ Kd7 16. Rad1 Rxd1 17. Rxd1+ Kc8 18. Ne4 f6 19. h3 Ne5 20.
Bxe5 fxe5 21. Ng5 Be7 22. Nf7 Rf8 23. Nxe5 Bc5 24. Nf3 Rf4 25. b4 Be7 26. Rd4
Rxd4 27. Nxd4 Bf6 28. Nc2 Kd7 29. Kf1 Kd6 30. Ke2 Ke5 31. Ke3 Bg5+ 32. Kd3 Bc1
33. g3 g5 34. f3 h6 35. a4 Bb2 36. Ne3 a6 37. Ng4+ Ke6 38. Nxh6 Be5 39. g4 Bg7
40. Nf5 Bf8 41. b5 axb5 42. axb5 cxb5 43. cxb5 Kd5 44. Ng3 Bd6 45. Ne4 Bf4 46.
Nc3+ Kc5 47. Ke4 Kc4 48. Nd5 Bd6 49. b6 Kc5 50. f4 gxf4 51. Nxf4 Kxb6 52. g5
Ba3 53. Ne6 Bb2 54. g6 Bh8 55. g7 Bxg7 56. Nxg7 Kc6 57. Ne6 Kd6 58. Nd4 Ke7 59.
Kf5 Kf7 60. Kg5 Kg7 61. h4 Kh7 62. h5 Kg7 63. h6+ Kh7 64. Kh5 Kh8 65. Kg6 Kg8
66. h7+ Kh8 67. Nb5 1-0

[Event "104th YMCA Spring D"]
[Site "Warszawa"]
[Date "2012.04.18"]
[Round "2"]
[White "Jackiewicz, Jerzy"]
[Black "Herman, Monika"]
[Result "0-1"]
[WhiteElo "1668"]
[BlackElo "1670"]
[PlyCount "96"]
[EventDate "2012.04.10"]
[EventType "tourn"]
[EventRounds "1"]
[EventCountry "POL"]
[SourceDate "2012.04.11"]

1. c4 Nf6 2. Nc3 e6 3. Nf3 Bb4 4. g3 O-O 5. Bg2 d5 6. cxd5 exd5 7. a3 Bxc3 8.
dxc3 c6 9. O-O Bf5 10. Bg5 Nbd7 11. Nh4 Be6 12. e4 h6 13. Bxf6 Nxf6 14. exd5
Bxd5 15. Bxd5 Qxd5 16. Qxd5 Nxd5 17. Nf5 Rad8 18. Rfe1 Rfe8 19. Kf1 h5 20.
Rxe8+ Rxe8 21. Re1 Rd8 22. h4 g6 23. Ne7+ Kf8 24. Nxd5 Rxd5 25. Re3 f6 26. Ke2
Kf7 27. c4 Rd7 28. Rd3 Rxd3 29. Kxd3 Ke6 30. Ke4 b6 31. b4 g5 32. f4 gxh4 33.
f5+ Kd6 34. gxh4 a6 35. Kd4 c5+ 36. Ke4 b5 37. Kd3 cxb4 38. axb4 bxc4+ 39. Kxc4
Ke5 40. Kc5 Kxf5 41. Kb6 Kg4 42. Kxa6 f5 43. b5 f4 44. b6 f3 45. b7 f2 46. b8=Q
f1=Q+ 47. Ka7 Qa1+ 48. Kb7 Qb2+ 0-1

[Event "104th YMCA Spring D"]
[Site "Warszawa"]
[Date "2012.04.17"]
[Round "2"]
[White "Bartczak, Hanna"]
[Black "Wrabel, Antoni"]
[Result "1/2-1/2"]
[WhiteElo "1645"]
[BlackElo "1713"]
[Annotator "M"]
[PlyCount "32"]
[EventDate "2012.04.10"]
[EventType "tourn"]
[EventRounds "1"]
[EventCountry "POL"]
[SourceDate "2012.04.11"]

1. Nf3 d5 2. d4 Nf6 3. g3 Bg4 4. Bg2 c6 5. O-O e6 6. Ne5 Bh5 7. Nd2 Nbd7 8.
Ndf3 Bxf3 9. Nxf3 Bd6 10. b3 O-O 11. Bb2 Ne4 12. Nd2 f5 13. Nxe4 fxe4 14. c4
Qe7 15. f4 exf3 16. exf3 Rae8 $11 1/2-1/2

[Event "104th YMCA Spring D"]
[Site "Warszawa"]
[Date "2012.04.24"]
[Round "3"]
[White "Wrabel, Antoni"]
[Black "Duda, Ryszard"]
[Result "1-0"]
[WhiteElo "1713"]
[BlackElo "1692"]
[PlyCount "79"]
[EventDate "2012.04.10"]
[EventType "tourn"]
[EventRounds "1"]
[EventCountry "POL"]
[SourceDate "2012.04.11"]

1. e4 e5 2. Nf3 Nc6 3. Bb5 a6 4. Ba4 Nf6 5. Qe2 Bc5 6. c3 b5 7. Bb3 d6 8. O-O
O-O 9. d3 h6 10. Be3 Bxe3 11. Qxe3 Na5 12. Bc2 c5 13. Nbd2 Re8 14. a4 Bb7 15.
axb5 axb5 16. h3 Nc6 17. Nh2 Qc7 18. f4 Rxa1 19. Rxa1 exf4 20. Qxf4 Ra8 21.
Rxa8+ Bxa8 22. Ndf1 Ne5 23. Nf3 Qe7 24. Ne3 Nxf3+ 25. Qxf3 Bc6 26. Nf5 Qe5 27.
d4 cxd4 28. cxd4 Qe6 29. d5 Bxd5 30. exd5 Qe1+ 31. Kh2 Qe5+ 32. Qg3 Qxg3+ 33.
Kxg3 Nxd5 34. Nxd6 b4 35. Bb3 Ne3 36. Nxf7 Kf8 37. Ne5 Nf5+ 38. Kf4 Nd4 39. Bd1
Ke7 40. Ke4 1-0

[Event "104th YMCA Spring D"]
[Site "Warszawa"]
[Date "2012.04.25"]
[Round "3"]
[White "Herman, Monika"]
[Black "Bartczak, Hanna"]
[Result "0-1"]
[WhiteElo "1670"]
[BlackElo "1645"]
[PlyCount "68"]
[EventDate "2012.04.10"]
[EventType "tourn"]
[EventRounds "1"]
[EventCountry "POL"]
[SourceDate "2012.04.11"]

1. e4 d6 2. d4 Nf6 3. Nc3 Nbd7 4. f4 e5 5. Nf3 c6 6. fxe5 dxe5 7. dxe5 Ng4 8.
e6 fxe6 9. Ng5 Nde5 10. Qxd8+ Kxd8 11. h3 Nh6 12. Bc4 Nxc4 13. O-O Bc5+ 14. Kh1
Ke7 15. b3 Bd4 16. bxc4 Bxc3 17. Ba3+ Ke8 18. Rab1 Bf6 19. Nf3 Nf7 20. Rfd1 b6
21. c5 b5 22. Nd4 Bxd4 23. Rxd4 e5 24. Rd3 Be6 25. Bb4 Bxa2 26. Ra1 Bc4 27. Rg3
g6 28. Ra6 Kd7 29. Rf3 Rhc8 30. Rf6 Ke7 31. Rfxc6 Rxc6 32. Rxc6 a5 33. Be1 Kd7
34. Rb6 a4 0-1

[Event "104th YMCA Spring D"]
[Site "Warszawa"]
[Date "2012.04.24"]
[Round "3"]
[White "Zwolan, Anna"]
[Black "Jackiewicz, Jerzy"]
[Result "1/2-1/2"]
[WhiteElo "1679"]
[BlackElo "1668"]
[PlyCount "94"]
[EventDate "2012.04.10"]
[EventType "tourn"]
[EventRounds "1"]
[EventCountry "POL"]
[SourceDate "2012.04.11"]

1. e4 c5 2. Nf3 Nc6 3. d4 cxd4 4. Nxd4 e5 5. Nb5 d6 6. c4 a6 7. N5c3 Nf6 8. Nd2
Be7 9. Be2 Nd4 10. h3 Bd7 11. O-O O-O 12. Kh1 Qc8 13. Bf3 Rb8 14. b3 h6 15. Bb2
Nh7 16. Nd5 Bd8 17. Ba3 Qc6 18. Rc1 Nf6 19. c5 Nxd5 20. exd5 Qb5 21. c6 bxc6
22. dxc6 Bxc6 23. Bxc6 Nxc6 24. Bxd6 Bg5 25. Bxf8 Rxf8 26. h4 Bxh4 27. Ne4 Nd4
28. g3 Be7 29. Qh5 f5 30. Nc3 Qb7+ 31. f3 Bb4 32. Kg2 Bxc3 33. Rxc3 e4 34. fxe4
Qxe4+ 35. Kh2 Ne2 36. Rc4 Qd3 37. Qf3 Rd8 38. Qxd3 Rxd3 39. Rxf5 Nxg3 40. Rf2
Nh5 41. Rc6 Nf6 42. Rxa6 Ng4+ 43. Kg2 Nxf2 44. Kxf2 Rd2+ 45. Kg3 Rb2 46. Kg4
Rg2+ 47. Kh3 Rb2 1/2-1/2

[Event "104th YMCA Spring D"]
[Site "Warszawa"]
[Date "2012.04.25"]
[Round "3"]
[White "Gajewski, Wojciech"]
[Black "Sokur, Ivan"]
[Result "1-0"]
[WhiteElo "1481"]
[BlackElo "1456"]
[PlyCount "73"]
[EventDate "2012.04.10"]
[EventType "tourn"]
[EventRounds "1"]
[EventCountry "POL"]
[SourceDate "2012.04.11"]

1. d3 e5 2. g3 c5 3. Bg2 d5 4. e4 d4 5. a4 Nc6 6. Nf3 Bg4 7. Nbd2 Nf6 8. h3
Bxf3 9. Bxf3 Bd6 10. Nc4 Bc7 11. Bd2 a6 12. a5 Nd7 13. O-O O-O 14. Bg2 Qe7 15.
Qg4 Nf6 16. Qe2 Nd7 17. h4 Qe6 18. Kh2 Ne7 19. b4 Qc6 20. bxc5 Qxc5 21. Rfb1
Qc6 22. c3 dxc3 23. Bxc3 Rab8 24. Rc1 Qf6 25. f4 Nc6 26. Rf1 Qg6 27. f5 Qf6 28.
Bd2 Nd4 29. Qd1 Nc5 30. Bg5 Qc6 31. f6 Nce6 32. fxg7 Rfe8 33. Bf6 Nc5 34. Qh5
Nxd3 35. Ne3 Ne6 36. Nf5 Bd8 37. Nh6# 1-0

[Event "104th YMCA Spring D"]
[Site "Warszawa"]
[Date "2012.04.24"]
[Round "3"]
[White "Wilczynski, Adam"]
[Black "Budrewicz, Henryk"]
[Result "1-0"]
[WhiteElo "1654"]
[BlackElo "1633"]
[Annotator "M"]
[PlyCount "143"]
[EventDate "2012.04.10"]
[EventType "tourn"]
[EventRounds "1"]
[EventCountry "POL"]
[SourceDate "2012.04.11"]

1. Nf3 d6 2. g3 f5 3. d4 Nf6 4. Bg2 g6 5. O-O Bg7 6. c3 c6 7. Nbd2 O-O 8. Ng5
d5 9. Nb3 h6 10. Nf3 Nbd7 11. Qd3 Ne4 12. Nfd2 e5 13. e3 Nxd2 14. Bxd2 e4 15.
Qe2 b6 16. f4 a5 17. Rfd1 h5 18. a4 Nf6 19. Be1 Ba6 20. Qd2 Ra7 21. Nc1 Re8 22.
b3 c5 23. Rb1 cxd4 24. Qxd4 Rd7 25. Qd2 Qc7 26. Ne2 Bxe2 27. Qxe2 Rc8 28. Rbc1
Qb7 29. h3 Rdc7 30. Bf1 Rc5 31. Qd2 Kh7 32. Bb5 Nd7 33. c4 Nf6 34. Qe2 dxc4 35.
Rxc4 Rxc4 36. bxc4 Qe7 37. Bc3 Rd8 38. Bd4 Qd6 $11 39. Rc1 Qa3 40. Ra1 Qd6 41.
Rc1 Qa3 42. Rc2 Rxd4 43. exd4 Qxg3+ 44. Qg2 Qxf4 45. c5 bxc5 46. dxc5 Nd5 47.
Qf2 Qg5+ 48. Kh1 Be5 49. c6 Qg3 50. Qxg3 Bxg3 51. Rd2 Nf6 52. Rd8 Bc7 53. Ra8
f4 54. Ra7 Ne8 55. Kg2 f3+ 56. Kf1 e3 57. Ra8 e2+ 58. Bxe2 fxe2+ 59. Kxe2 Nf6
60. Kd3 g5 61. Rc8 Nd5 62. Kd4 Nf4 63. Rxc7+ Kg6 64. Ra7 Ne6+ 65. Ke5 Nd8 66.
Ra6 Nf7+ 67. Ke6 g4 68. c7 Ng5+ 69. Ke5+ Kg7 70. c8=Q Nf7+ 71. Kf4 gxh3 72.
Qc3+ 1-0

[Event "104th YMCA Spring D"]
[Site "Warszawa"]
[Date "2012.04.24"]
[Round "3"]
[White "Rozycki, Dariusz"]
[Black "Skwarek, Hubert"]
[Result "0-1"]
[WhiteElo "1500"]
[BlackElo "1631"]
[PlyCount "112"]
[EventDate "2012.04.10"]
[EventType "tourn"]
[EventRounds "1"]
[EventCountry "POL"]
[SourceDate "2012.04.11"]

1. e4 e6 2. d4 d5 3. Nc3 Nf6 4. e5 Nfd7 5. f4 c5 6. Nf3 a6 7. Be3 Nc6 8. Qd2 b5
9. dxc5 Bxc5 10. Bxc5 Nxc5 11. Bd3 b4 12. Ne2 Qb6 13. Ned4 Nxd4 14. Nxd4 Nxd3+
15. Qxd3 O-O 16. O-O a5 17. Qe3 Ba6 18. Rf3 Rac8 19. Rc1 Rc4 20. Nf5 Qc7 21.
Nd4 Qb6 22. Rd1 Rfc8 23. Rd2 Rxd4 24. Qxd4 Qxd4+ 25. Rxd4 Rxc2 26. a3 Rc1+ 27.
Kf2 Rc2+ 28. Kg3 Rxb2 29. axb4 axb4 30. f5 Bc4 31. fxe6 fxe6 32. Rdf4 h5 33.
Rf8+ Kh7 34. Rb8 b3 35. Rf7 Re2 36. Rbb7 Kg6 37. Rxg7+ Kf5 38. Kf3 b2 39. g3 d4
40. Rh7 Kxe5 41. Rxh5+ Kd6 42. Rb4 Re3+ 43. Kf2 Re2+ 44. Kf3 Re3+ 45. Kf2 Bb3
46. Rxd4+ Kc6 47. Kxe3 b1=Q 48. g4 Qg1+ 49. Ke4 Bc2+ 50. Rd3 Qf1 51. Ke5 Qe2+
52. Kf6 Bxd3 53. Re5 Qf3+ 54. Kxe6 Bc4+ 55. Ke7 Qh3 56. g5 Qd7+ 0-1

[Event "104th YMCA Spring D"]
[Site "Warszawa"]
[Date "2012.04.27"]
[Round "4"]
[White "Duda, Ryszard"]
[Black "Skwarek, Hubert"]
[Result "0-1"]
[WhiteElo "1692"]
[BlackElo "1631"]
[PlyCount "92"]
[EventDate "2012.04.10"]
[EventType "tourn"]
[EventRounds "1"]
[EventCountry "POL"]
[SourceDate "2012.04.11"]

1. d4 d5 2. Nf3 Nf6 3. g3 Bf5 4. Bg2 e6 5. O-O c5 6. c4 Bxb1 7. Rxb1 Nc6 8.
cxd5 Nxd5 9. a3 Be7 10. dxc5 Bxc5 11. Qc2 Qb6 12. b4 Be7 13. Bb2 Bf6 14. e4 Nc7
15. Bxf6 gxf6 16. Rfc1 Nb5 17. Qb2 Nbd4 18. Rc4 Nxf3+ 19. Bxf3 e5 20. Rbc1 h5
21. h4 Nd4 22. Rc8+ Ke7 23. R8c7+ Kf8 24. Bd1 Nc6 25. Rd7 Rd8 26. Qd2 Ke8 27.
Rxd8+ Qxd8 28. Qe3 Nd4 29. Kg2 Kf8 30. Rc5 b6 31. Rc4 f5 32. exf5 Qd5+ 33. Kh2
Qxc4 34. Qxe5 Kg8 35. f6 Ne6 36. Bf3 Qd4 37. Qe2 Rh6 38. Bxh5 Rxf6 39. f4 Ng7
40. Bf3 Rd6 41. Kh3 Qd3 42. Qe5 Qf5+ 43. Bg4 Qxe5 44. fxe5 Rd3 45. h5 Re3 46.
h6 Ne6 0-1

[Event "104th YMCA Spring D"]
[Site "Warszawa"]
[Date "2012.05.01"]
[Round "4"]
[White "Budrewicz, Henryk"]
[Black "Rozycki, Dariusz"]
[Result "1-0"]
[WhiteElo "1633"]
[BlackElo "1500"]
[PlyCount "95"]
[EventDate "2012.04.10"]
[EventType "tourn"]
[EventRounds "1"]
[EventCountry "POL"]
[SourceDate "2012.04.11"]

1. g3 e5 2. d3 d5 3. Bg2 Nc6 4. Nd2 Bf5 5. e4 dxe4 6. Nxe4 Nf6 7. Bg5 Bxe4 8.
Bxe4 Qd6 9. Bg2 h6 10. Bd2 Be7 11. Ne2 O-O-O 12. Nc3 h5 13. O-O Rdg8 14. Qf3 g5
15. Nb5 Qc5 16. Qf5+ Kb8 17. c4 g4 18. b4 Nd4 19. Nxd4 Qxd4 20. Be3 Qd7 21.
Qxe5 h4 22. c5 hxg3 23. fxg3 Rg7 24. Rxf6 Bxf6 25. Qxf6 Rgh7 26. Qd4 Qa4 27.
Qe4 c6 28. Bf4+ Ka8 29. Re1 a6 30. Be5 Rxh2 31. Bxh8 Rxh8 32. Qc4 f5 33. Qb3
Qxb3 34. axb3 Rf8 35. d4 f4 36. gxf4 Rxf4 37. Re4 Rf7 38. Rxg4 Ka7 39. d5 cxd5
40. Bxd5 Rd7 41. Rg5 Rc7 42. Kf2 a5 43. Ke3 axb4 44. Kd4 b5 45. Rg8 Rb7 46.
Bxb7 Kxb7 47. Rg6 Kc7 48. Rb6 1-0

[Event "104th YMCA Spring D"]
[Site "Warszawa"]
[Date "2012.05.01"]
[Round "4"]
[White "Sokur, Ivan"]
[Black "Wilczynski, Adam"]
[Result "0-1"]
[WhiteElo "1456"]
[BlackElo "1654"]
[PlyCount "170"]
[EventDate "2012.04.10"]
[EventType "tourn"]
[EventRounds "1"]
[EventCountry "POL"]
[SourceDate "2012.04.11"]

1. d4 Nf6 2. c4 e6 3. Nc3 Bb4 4. Bg5 h6 5. Bxf6 Qxf6 6. Nf3 c5 7. e3 Nc6 8. a3
Ba5 9. Be2 O-O 10. O-O Bxc3 11. bxc3 b6 12. Qc2 Ba6 13. Bd3 Na5 14. dxc5 bxc5
15. Rfd1 Bxc4 16. Bxc4 Nxc4 17. Rxd7 Nb6 18. Rdd1 Rfd8 19. h3 Rd5 20. e4 Rdd8
21. e5 Qf4 22. Re1 Qc4 23. Nd2 Qd3 24. Qxd3 Rxd3 25. Ne4 c4 26. a4 a5 27. Reb1
Nd5 28. Ra3 Ra7 29. Rc1 Nf4 30. Kf1 Rd5 31. Nd6 Rc7 32. Re1 Rd2 33. Raa1 Nd3
34. Re2 Rxe2 35. Kxe2 Nxe5 36. Rb1 Rc6 37. Nb7 Ra6 38. Rb5 Nd7 39. Rxa5 Rb6 40.
Rb5 Rxb5 41. axb5 Kf8 42. Ke3 e5 43. Ke4 Ke7 44. Kd5 f5 45. Kxc4 Nb6+ 46. Kc5
Nd7+ 47. Kc6 e4 48. Nc5 Ne5+ 49. Kd5 Nd3 50. b6 Nxc5 51. Kxc5 Kd7 52. Kd5 g5
53. c4 h5 54. c5 g4 55. hxg4 hxg4 56. c6+ Kc8 57. b7+ Kc7 58. Ke5 g3 59. Ke6
gxf2 60. b8=Q+ Kxb8 61. Kd7 f1=Q 62. c7+ Ka7 63. c8=Q Qb5+ 64. Ke6 Qa6+ 65.
Qxa6+ Kxa6 66. Kxf5 e3 67. g4 e2 68. g5 e1=Q 69. g6 Qf2+ 70. Kg5 Qg3+ 71. Kf6
Qf4+ 72. Kg7 Kb7 73. Kg8 Qc4+ 74. Kh8 Qc8+ 75. Kh7 Qf5 76. Kh6 Qh3+ 77. Kg7 Kc7
78. Kg8 Qe6+ 79. Kh7 Qf5 80. Kh6 Qh3+ 81. Kg7 Kd7 82. Kf7 Qf5+ 83. Kg7 Ke7 84.
Kh8 Qf8+ 85. Kh7 Kf6 0-1

[Event "104th YMCA Spring D"]
[Site "Warszawa"]
[Date "2012.05.11"]
[Round "4"]
[White "Bartczak, Hanna"]
[Black "Zwolan, Anna"]
[Result "1/2-1/2"]
[WhiteElo "1645"]
[BlackElo "1679"]
[Annotator "M"]
[PlyCount "67"]
[EventDate "2012.04.10"]
[EventType "tourn"]
[EventRounds "1"]
[EventCountry "POL"]
[SourceDate "2012.04.11"]

1. d4 d5 2. c4 e6 3. Nf3 Nf6 4. e3 Nbd7 5. Bd3 b6 6. Nc3 dxc4 7. Bxc4 Be7 8.
Ng5 Nd5 9. Nf3 Nxc3 10. bxc3 O-O 11. O-O Bb7 12. a4 a6 13. Qe2 c5 14. e4 h6 15.
d5 exd5 16. Bxd5 Qc7 17. c4 Rae8 18. Bb2 Bf6 19. Qc2 Re7 20. Rfe1 Rfe8 21. Bc3
Ba8 22. Rab1 Qf4 23. Bxf6 Nxf6 24. Bxa8 Rxa8 25. e5 Ng4 26. Qe4 Qxe4 27. Rxe4
f5 28. Ree1 Rae8 29. Rxb6 Nxe5 30. Nxe5 Rxe5 31. Rxe5 Rxe5 32. f3 Re1+ 33. Kf2
Rc1 34. Rxa6 $11 1/2-1/2

[Event "104th YMCA Spring D"]
[Site "Warszawa"]
[Date "2012.05.01"]
[Round "4"]
[White "Wrabel, Antoni"]
[Black "Herman, Monika"]
[Result "1/2-1/2"]
[WhiteElo "1713"]
[BlackElo "1670"]
[Annotator "M"]
[PlyCount "69"]
[EventDate "2012.04.10"]
[EventType "tourn"]
[EventRounds "1"]
[EventCountry "POL"]
[SourceDate "2012.04.11"]

1. e4 d6 2. d4 Nf6 3. Nc3 g6 4. Be2 Bg7 5. Nf3 O-O 6. Be3 Ng4 7. Bd2 e5 8. d5
f5 9. h3 Nf6 10. exf5 Bxf5 11. O-O Nbd7 12. g4 Be4 13. Ng5 Bxd5 14. Nxd5 Nxd5
15. Bc4 N7b6 16. Be3 c6 17. Bxb6 Qxg5 18. Bxd5+ cxd5 19. Qxd5+ Kh8 20. Be3 Qe7
21. Rad1 Rfd8 22. Rd2 Rd7 23. Rfd1 a6 24. c4 e4 25. Bd4 Rad8 26. Bxg7+ Kxg7 27.
Re2 Re8 28. Rde1 Qh4 29. Kg2 Qf6 30. Rxe4 Rxe4 31. Rxe4 Qxb2 32. Qd4+ Qxd4 33.
Rxd4 Kf6 34. f4 Ke6 35. Re4+ $11 1/2-1/2